00490nom a22002057a 450000500170000000800410001704100080005808200130006624500130007926000090009230000110010150000540011265000130016665000150017965000200019465000110021465000120022565000250023765000220026220230425215147.0161205b xxu||||| |||| 00| 0 spa d aSPA aCráneo aCráneo c2016 a0.8 kg aSe prestan para el mismo día, hasta las 7:50 pm aCRÁNEO aANATOMÍA aCABEZA Y CUELLO aHUESOS aDIENTES aMODELOS ANATÓMICOS aMECÁNICA DENTAL